LEADER 00865cam0-22003011i-450- 001 990005974730403321 005 19980601 035 $a000597473 035 $aFED01000597473 035 $a(Aleph)000597473FED01 035 $a000597473 100 $a19980601d1955----km-y0itay50------ba 101 0 $aita 102 $aIT 105 $ay---n---001yy 200 1 $aCodice di procedura penale$econ le innovazioni della legge 18 giugno 1955, n. 517 e relative norme di attuazione$fa cura di Sofo Borghese 210 $aMilano$cG. Pirola$d1955 215 $a305 p.$d16 cm 676 $a345$v20$zita 702 1$aBorghese,$bSofo 710 01$aItalia$0423419 801 0$aIT$bUNINA$gRICA$2UNIMARC 901 $aBK 912 $a990005974730403321 952 $aXIII Z 38$b47578$fFGBC 959 $aFGBC 996 $aCodice di procedura penale$9200118 997 $aUNINA LEADER 00838nam0-22003011i-450- 001 990001107180403321 005 20040526154205.0 010 $a0-521-30587-X 035 $a000110718 035 $aFED01000110718 035 $a(Aleph)000110718FED01 035 $a000110718 100 $a20020001d--------km-y0itay50------ba 101 0 $aeng 200 1 $aTopics in Matrix Analysis$fRoger A. Horn, Charles R. Johnson 210 $aCambridge [etc.]$cCambridge University Press$d1991 610 0 $aFisica matematica 610 0 $aFisica teorica 676 $a530 700 1$aHorn,$bRoger A.$027618 702 1$aJohnson,$bCharles R. 801 0$aIT$bUNINA$gRICA$2UNIMARC 901 $aBK 912 $a990001107180403321 952 $a20-137F$b18233$fFI1 959 $aFI1 996 $aTopics in Matrix Analysis$9337675 997 $aUNINA